Statistics for human body tissues anatomy

Click here to take the quiz!

General Stats

  • This quiz has been taken 80 times
  • The average score is 5 of 16

Answer Stats

Answer% Correct
cardiac muscle
60%
adipose
57%
smooth muscle
57%
nerve
53%
simple columnar
47%
skeletal muscle
43%
simple cuboidal
37%
hyaline cartilage
30%
areolar
27%
compact bone
27%
reticular
27%
fibrocartilage
23%
transitional epithelium
20%
dense irregular connective
17%
dense regular connective
10%
elastic connective tissue
7%

Score Distribution

Percentile by Number Answered

Percent of People with Each Score

Your Score History

You have not taken this quiz